000 00866nam a22003017a 4500
001 0002651
003 KOHA_MİRAKIL
005 20260207001316.0
007 ta
008 090304b2003 us |||gr||||#||||0|eng |
020 _a0321193636
_cTL0,01
040 _aTR-BiSEU
_btur
_cTR-BiSEU
_erda
041 0 _aeng
044 _cus
050 _aQA303
_b.T35 2003
100 1 _aThomas, George Birinton.
245 1 _aCalculus and analytic geometry/
_cGeorge Birinton Thomas ; Ross L. Finney, Maurice D. Weir.
250 _a9. bs.
264 1 _aUSA :
_bAddison-Wesley
_c2003
300 _aXVIII, 1139 sayfa, A104, T5 sayfa: resimli
336 _ametin
_btxt
_2rdacontent
337 _aaracısız
_bn
_2rdamedia
338 _acilt
_bnc
_2rdacarrier
500 _aDizin var.
650 0 _aHesap.
_92068
650 0 _aAnalitik geometri.
_97208
942 _2lcc
_cBK
999 _c2638
_d2638